<?xml version="1.0" encoding="UTF-8"?>
<marc:record xmlns:marc="http://www.loc.gov/MARC21/slim">
   <marc:leader>00000nam a2200000 a 4500</marc:leader>
   <marc:datafield ind1="1" ind2=" " tag="100">
      <marc:subfield code="a">Sklepowich, Edward</marc:subfield>
      <marc:subfield code="4">ctb</marc:subfield>
      <marc:subfield code="e">Mitwirkende/-r</marc:subfield>
   </marc:datafield>
   <marc:datafield ind1="1" ind2=" " tag="100">
      <marc:subfield code="a">Great, Ronny</marc:subfield>
      <marc:subfield code="4">ctb</marc:subfield>
      <marc:subfield code="e">Mitwirkende/-r</marc:subfield>
   </marc:datafield>
   <marc:datafield ind1="0" ind2="0" tag="245">
      <marc:subfield code="a">Venedig sehen und sterben</marc:subfield>
   </marc:datafield>
   <marc:datafield ind1="0" ind2="0" tag="245">
      <marc:subfield code="b">Kriminalroman</marc:subfield>
   </marc:datafield>
   <marc:datafield ind1="0" ind2="0" tag="245">
      <marc:subfield code="c">Edward Sklepowich. Gelesen von Ronny Great</marc:subfield>
   </marc:datafield>
   <marc:datafield ind1=" " ind2="1" tag="264">
      <marc:subfield code="b">TechniSat Digital, Radioropa Hörbuch</marc:subfield>
      <marc:subfield code="c">2006</marc:subfield>
   </marc:datafield>
   <marc:datafield ind1="1" ind2=" " tag="520">
      <marc:subfield code="a">Angaben aus der Verlagsmeldung

Venedig sehen und sterben / von Edward Sklepowich

Nach langer Abwesenheit kehrt Urbino Macintyre endlich nach Venedig zurück. Begleitet wird er von dem jungen Marokkaner Habib, dem er die reizvolle Lagunenstadt in aller Ruhe zeigen möchte. Doch schon nach wenigen Tagen bittet ihn seine gute Freundin Barbara, die Contessa da Capo-Zendrini, um Hilfe: Sie wird von einer alten Frau mit Informationen aus ihrer Vergangenheit erpresst. Urbino verspricht Barbara seinen Beistand, doch dann überschlagen sich die Ereignisse: Die alte Nina Crivelli wird ermordet, und der Verdacht fällt ausgerechnet auf Urbinos Reisebegleiter Habib. Sollte er sich so sehr in dem jungen Marokkaner getäuscht haben?
</marc:subfield>
   </marc:datafield>
   <marc:datafield ind1=" " ind2=" " tag="020">
      <marc:subfield code="a">9783866674134</marc:subfield>
      <marc:subfield code="9">9783866674134</marc:subfield>
   </marc:datafield>
   <marc:datafield ind1=" " ind2=" " tag="020">
      <marc:subfield code="a">3866674139</marc:subfield>
      <marc:subfield code="9">3866674139</marc:subfield>
   </marc:datafield>
   <marc:datafield ind1="0" ind2=" " tag="490">
      <marc:subfield code="v">0</marc:subfield>
   </marc:datafield>
   <marc:datafield ind1=" " ind2=" " tag="300">
      <marc:subfield code="a">9 CDs, 1 CD (MP3)</marc:subfield>
   </marc:datafield>
</marc:record>
